Trade and development

সংরক্ষণ করুন:
গ্রন্থ-পঞ্জীর বিবরন
বিন্যাস: গ্রন্থ
ভাষা:Undetermined
প্রকাশিত: Geneve Librairie Droz 1965
বিষয়গুলি:
ট্যাগগুলো: ট্যাগ যুক্ত করুন
কোনো ট্যাগ নেই, প্রথমজন হিসাবে ট্যাগ করুন!
Thư viện lưu trữ: Trung tâm Học liệu Trường Đại học Cần Thơ
LEADER 00435nam a2200169Ia 4500
001 CTU_80323
008 210402s9999 xx 000 0 und d
082 |a 337 
082 |b T763 
245 0 |a Trade and development 
245 0 |c Harry G. Johnson 
260 |a Geneve 
260 |b Librairie Droz 
260 |c 1965 
650 |a Commercial policy 
904 |i Trọng Hải 
980 |a Trung tâm Học liệu Trường Đại học Cần Thơ